Girls and Boys in Delinquent Networks

Gespeichert in:  
Bibliographische Detailangaben
1. VerfasserIn: Sarnecki, Jerzy 1947- (Verfasst von)
Medienart: Druck Aufsatz
Sprache:Englisch
Veröffentlicht: 2004
In: Annales internationales de criminologie
Jahr: 2004, Band: 42, Heft: 1/2, Seiten: 29-57
Verfügbarkeit prüfen: HBZ Gateway
Schlagwörter:

MARC

LEADER 00000caa a22000002c 4500
001 1639251448
003 DE-627
005 20220608124527.0
007 tu
008 160223s2004 xx ||||| 00| ||eng c
035 |a (DE-627)1639251448 
035 |a (DE-576)45581712X 
035 |a (DE-599)BSZ45581712X 
040 |a DE-627  |b ger  |c DE-627  |e rakwb 
041 |a eng 
100 1 |a Sarnecki, Jerzy  |d 1947-  |0 (DE-588)17354648X  |0 (DE-627)698457943  |0 (DE-576)162861680  |4 aut 
109 |a Sarnecki, Jerzy 1947-  |a Sarnecki, Jerry 1947- 
245 1 0 |a Girls and Boys in Delinquent Networks  |c Jerzy Sarnecki 
264 1 |c 2004 
336 |a Text  |b txt  |2 rdacontent 
337 |a ohne Hilfsmittel zu benutzen  |b n  |2 rdamedia 
338 |a Band  |b nc  |2 rdacarrier 
773 0 8 |i In  |t Annales internationales de criminologie  |d [Paris] : International Society of Criminology, 1962  |g 42(2004), 1/2, Seite 29-57  |w (DE-627)129888257  |w (DE-600)301602-X  |w (DE-576)015190595  |x 0003-4452  |7 nnas 
773 1 8 |g volume:42  |g year:2004  |g number:1/2  |g pages:29-57 
935 |a mkri 
951 |a AR 
ELC |b 1 
LOK |0 000 xxxxxcx a22 zn 4500 
LOK |0 001 3299669044 
LOK |0 003 DE-627 
LOK |0 004 1639251448 
LOK |0 005 20260218161027 
LOK |0 008 160208||||||||||||||||ger||||||| 
LOK |0 040   |a DE-21-110  |c DE-627  |d DE-21-110 
LOK |0 689   |a s  |a Netzwerk 
LOK |0 689   |a s  |a Jugendkriminalität 
LOK |0 689   |a s  |a Verbrechensneigung 
LOK |0 689   |a s  |a Geschlecht 
LOK |0 689   |a s  |a Peer Group 
LOK |0 689   |a s  |a Delinquenz 
LOK |0 689   |a s  |a Gruppendelinquenz 
LOK |0 689   |a s  |a Mittäterschaft 
LOK |0 852   |a DE-21-110 
LOK |0 852 1  |m p  |9 00 
LOK |0 935   |a k110 
LOK |0 938   |k p 
LOK |0 939   |a 08-02-16  |b l01 
ORI |a WA-MARC-krimdoka001.raw